Escrito en el aire

Guardat en:
Dades bibliogràfiques
Autor principal: Droguett, Carlos (Autor)
Format: Llibre
Idioma:espanyol
Publicat: Valparaíso Universitarias 1972
Edició:1a. ed
Col·lecció:Ensayos
Matèries:
Etiquetes: Afegir etiqueta
Sense etiquetes, Sigues el primer a etiquetar aquest registre!

MARC

LEADER 00000nam a2200000 a 4500
001 UCO9770
003 CL-VaPUC
008 010309e19720000CL |||||||||||||||||spa|d
082 0 4 |a Ch864  |b DRO  |2 21 
100 0 |a Droguett, Carlos  |e author  |9 322552 
245 1 0 |a Escrito en el aire 
250 |a 1a. ed 
300 |a 192 p 
942 |c BK 
945 |d 20010309 00:00:00  |a cmena 
260 |a Valparaíso  |b Universitarias  |c 1972 
650 0 |a Ensayos chilenos   |9 269132 
650 0 |a Literatura chilena   |9 308278 
650 7 |a PREMIO NACIONAL DE LITERATURA 1970  |2 CL-VaPUC  |9 454882 
583 |a last modification  |c 20010309 00:00:00  |k Rodrigo Vera 
490 0 |a Ensayos 
999 |c 293795  |d 293793 
952 |0 0  |1 0  |4 0  |6 CH_864_000000000000000_DRO_1972  |7 0  |8 A  |9 345518  |a FDOPOS  |b FDOPOS  |d 2019-11-20  |i 3697010  |o Ch864 DRO 1972  |p 3697010  |r 2025-01-22  |w 2019-11-20  |y BK  |k MLH 
952 |0 0  |1 0  |4 0  |6 CH_864_000000000000000_DRO_1972  |7 0  |8 X  |9 345519  |a FDOBUD  |b FDOBUD  |d 2019-11-20  |i 102518K  |o Ch864 DRO 1972  |p 102518K  |r 2019-11-20  |w 2019-11-20  |y BK_X  |k BUD